000 00418nam a22001697a 4500
003 MPLRDC
005 20220104175321.0
008 210129b ||||| |||| 00| 0 eng d
020 _a0-582-70698-X
082 _a524.965 LEW v.2 1981
100 _aG.E.D. LEWIS
245 _aILMU ALAM DUNIA BUKU DUA
_c
260 _a
_bLONGMAN MALAYSIA S/B
_c1981
300 _b
650 _a
942 _cBK
_o524.965 LEW v.2 1981
999 _c60317
_d60307